| Tag |
First Indicator |
Second Indicator |
Subfields |
| LEADER |
00000cgm a2200000Ii 4500 |
| 001 |
in00003340134 |
| 005 |
20191106114205.0 |
| 007 |
vd csaizu |
| 008 |
130917s2013 xxu090 vleng d |
| 024 |
1 |
|
|a 013132609027
|
| 028 |
4 |
2 |
|a BD60902
|b Anchor Bay Entertainment
|
| 035 |
|
|
|a (OCoLC)ocn858459595
|
| 035 |
|
|
|a (OCoLC)858459595
|
| 037 |
|
|
|b Midwest Tape
|n http://www.midwesttapes.com
|
| 040 |
|
|
|a TEFMT
|b eng
|e rda
|c TEFMT
|d TEF
|d JAO
|d UtOrBLW
|
| 041 |
1 |
|
|a eng
|j eng
|j spa
|h eng
|
| 049 |
|
|
|a TXAM
|
| 050 |
|
4 |
|a PN1997.2
|b .O55 2013
|
| 082 |
0 |
4 |
|a 791.43/72
|2 23
|
| 090 |
|
|
|a PN1997.2
|b .O585 2013b
|
| 245 |
0 |
0 |
|a Only God forgives /
|c RADiUS-TWC, Gaumount, Wild Bunch & Nicolas Winding Refn present ; a film by Nicolas Winding Refn ; a Space Rocket Nation/Motel Movies production ; in association with Bold Films ; written and directed by Nicoals Winding Refn ; producers Lene Børglum, Sidonie Dumas, Vincent Marval.
|
| 264 |
|
1 |
|a [United States] :
|b Anchor Bay Entertainment,
|c 2013.
|
| 300 |
|
|
|a 1 videodisc (90 min.) :
|b sound, color ;
|c 4 3/4 in.
|
| 336 |
|
|
|a two-dimensional moving image
|b tdi
|2 rdacontent
|
| 337 |
|
|
|a video
|b v
|2 rdamedia
|
| 338 |
|
|
|a videodisc
|b vd
|2 rdacarrier
|
| 340 |
|
|
|b 4 3/4 in.
|2 rda
|
| 344 |
|
|
|a digital
|b optical
|h Dolby Digital
|2 rda
|
| 346 |
|
|
|a laser optical
|b NTSC
|2 rda
|
| 347 |
|
|
|a video file
|b Blu-ray
|2 rda
|
| 380 |
|
|
|a Motion picture
|
| 538 |
|
|
|a Blu-ray; widescreen; requires Blu-ray player.
|
| 546 |
|
|
|a English dialogue; English or Spanish subtitles; subtitled for the deaf and hard of hearing.
|
| 511 |
1 |
|
|a Ryan Gosling, Kristin Scott Thomas, Tom Burke, Vithaya Pansringarm, Byron Gibson.
|
| 508 |
|
|
|a Director of photography, Larry Smith ; editor, Matthew Newman ; music Cliff Martinez.
|
| 500 |
|
|
|a Originally released as a motion picture in 2013.
|
| 521 |
8 |
|
|a MPAA rating: R; for strong bloody violence including grisly images, sexual content and language.
|
| 520 |
|
|
|a Julian, an American fugitive from justice, runs a boxing club in Bangkok as a front for his drug business. His mother, the head of a vast criminal organization, arrives from the U.S. to collect the body of her favorite son, Billy, who has just been killed. Crazy with rage and thirsty for vengeance she demands the heads of the murderers from Julian. But first, Julian must confront Chang, a mysterious retired policeman who has resolved to scourge the corrupt underworld of brothels and fight clubs.
|
| 500 |
|
|
|a Special features: Feature commentary with writer/director Nicolas Winding Refn; behind-the-scenes; director interviews; the music of Only God Forgives with Cliff Martinez.
|
| 650 |
|
0 |
|a Boxing
|v Drama.
|
| 650 |
|
0 |
|a Organized crime
|v Drama.
|
| 650 |
|
0 |
|a Drug dealers
|v Drama.
|
| 650 |
|
0 |
|a Revenge
|v Drama.
|
| 650 |
|
0 |
|a Mothers and sons
|v Drama.
|
| 651 |
|
0 |
|a Bangkok (Thailand)
|v Drama.
|
| 655 |
|
7 |
|a Feature films.
|2 lcgft
|
| 655 |
|
7 |
|a Crime films.
|2 lcgft
|
| 655 |
|
7 |
|a Action and adventure films.
|2 lcgft
|
| 655 |
|
7 |
|a Fiction films.
|2 lcgft
|
| 655 |
|
7 |
|a Video recordings for the hearing impaired.
|2 lcgft
|
| 700 |
1 |
|
|a Refn, Nicolas Winding,
|d 1970-
|e film director.
|
| 700 |
1 |
|
|a Gosling, Ryan,
|d 1980-
|e actor.
|
| 700 |
1 |
|
|a Scott-Thomas, Kristin,
|d 1960-
|e actor.
|
| 700 |
1 |
|
|a Burke, Tom,
|d 1981-
|e actor.
|
| 700 |
1 |
|
|a Pansringarm, Vithaya,
|e actor.
|
| 700 |
1 |
|
|a Gibson, Byron,
|e actor.
|
| 700 |
1 |
|
|a Børglum, Lene,
|e producer.
|
| 700 |
1 |
|
|a Dumas, Sidonie,
|e producer.
|
| 700 |
1 |
|
|a Marval, Vincent,
|e producer.
|
| 710 |
2 |
|
|a Anchor Bay Entertainment, Inc.,
|e production company.
|
| 710 |
2 |
|
|a RADiUS TWC (Firm),
|e production company.
|
| 710 |
2 |
|
|a Gaumont Production (Firm),
|e production company.
|
| 710 |
2 |
|
|a Wild Bunch (Firm),
|e production company.
|
| 710 |
2 |
|
|a Space Rocket Nation (Firm),
|e production company.
|
| 710 |
2 |
|
|a Motel Movies (Firm),
|e production company.
|
| 710 |
2 |
|
|a Bold Films,
|e production company.
|
| 710 |
2 |
|
|a Starz Media,
|e production company.
|
| 994 |
|
|
|a C0
|b TXA
|
| 948 |
|
|
|a cataloged
|b h
|c 2013/11/5
|d c
|e blrosas
|f 11:54:11 am
|
| 999 |
|
|
|a MARS
|
| 999 |
f |
f |
|s 7cb8b5a9-f9f2-3df6-84b9-f1090e44f988
|i c249b774-b1a7-35d1-87da-771cfb930143
|t 0
|
| 952 |
f |
f |
|p bluray
|a Texas A&M University
|b College Station
|c Sterling C. Evans Library
|d Evans: Media and Reserves (Annex 1st floor)
|t 0
|e PN1997.2 .O585 2013b
|h Library of Congress classification
|i video -- videodisc
|m A14842126816
|
| 998 |
f |
f |
|a PN1997.2 .O585 2013b
|t 0
|l Evans: Media and Reserves (Annex 1st floor)
|